000 00373 a2200109 4500
001 ART_58304
005 20260410161812.0
008 260409a
245 1 0 _aLa mora del Congreso Nacional en dictar una ley sobre la insolvencia del consumidor
100 1 _aVanney, Carlos F.
773 0 _tDoctrina Societaria y Concursal
_g- N° 425 (abr. 2023)
_wREV4298
999 _c21553
_d21553